书目信息 |
| 题名: |
园林工程
|
|
| 作者: | 郭春华 主编 | |
| 分册: | ||
| 出版信息: | 北京 化学工业出版社 2011.09 |
|
| 页数: | 220页 | |
| 开本: | 26cm | |
| 丛书名: | ||
| 单 册: | ||
| 中图分类: | TU986.3 | |
| 科图分类: | ||
| 主题词: | 园林--工程施工--高等教育--教材 | |
| 电子资源: | ||
| ISBN: | 978-7-122-11322-1 | |
| 000 | 01132nam0 2200241 450 | |
| 001 | 0011450583 | |
| 005 | 20201102150102.87 | |
| 010 | @a978-7-122-11322-1@dCNY34.00 | |
| 100 | @a20120301d2011 em y0chiy0110 ea | |
| 101 | 0 | @achi |
| 102 | @aCN@b110000 | |
| 105 | @aak z 000yy | |
| 200 | 1 | @a园林工程@Ayuan lin gong cheng@f郭春华主编 |
| 210 | @a北京@c化学工业出版社@d2011.09 | |
| 215 | @a220页@c图表@d26cm | |
| 300 | @a普通高等教育“十二五”规划教材·风景园林系列 | |
| 330 | @a园林工程主要研究园林建设的工程原理和工程技术问题。本教材系统地阐述了园林工程基本理论、施工技术和方法,共分6章,内容包括绪论、土方工程、园路工程、园林给水排水工程、水景工程、山石景观工程和园林供电工程。教材力求结合园林发展,体现新的科技成果,贯彻新的工程标准和规范,立足于把工程原理和实践较好地结合起来。 | |
| 333 | @a本书观点新颖,简明适用,具有较强的实用性,适合作为普通高等教育、成人高等教育园林及风景园林专业教材,也可作为城市规划设计、环境艺术、景观设计等相关专业师生参考用书。 | |
| 606 | 0 | @a园林@x工程施工@x高等教育@j教材 |
| 690 | @aTU986.3@v5 | |
| 701 | 0 | @a郭春华@Aguo chun hua@4主编 |
| 801 | 0 | @aCN@c20120301 |
| 905 | @dTU986.3@eG780@f3 | |
| 园林工程/郭春华主编.-北京:化学工业出版社,2011.09 |
| 220页:图表;26cm |
| 普通高等教育“十二五”规划教材·风景园林系列.-使用对象:本书观点新颖,简明适用,具有较强的实用性,适合作为普通高等教育、成人高等教育园林及风景园林专业教材,也可作为城市规划设计、环境艺术、景观设计等相关专业师生参考用书。 |
| ISBN 978-7-122-11322-1:CNY34.00 |
| 园林工程主要研究园林建设的工程原理和工程技术问题。本教材系统地阐述了园林工程基本理论、施工技术和方法,共分6章,内容包括绪论、土方工程、园路工程、园林给水排水工程、水景工程、山石景观工程和园林供电工程。教材力求结合园林发展,体现新的科技成果,贯彻新的工程标准和规范,立足于把工程原理和实践较好地结合起来。 |
| ● |
| 相关链接 |
|
|
|
正题名:园林工程
索取号:TU986.3/G780
 
预约/预借
| 序号 | 登录号 | 条形码 | 馆藏地/架位号 | 状态 | 备注 |
| 1 | 1198483 | 211984833 | 自科二线404/201建筑库 117排2列1层/ [索取号:TU986.3/G780] | 在馆 | |
| 2 | 1198484 | 211984842 | 自科二线404/201建筑库 117排2列1层/ [索取号:TU986.3/G780] | 在馆 | |
| 3 | 1198485 | 211984851 | 建筑库201/201建筑库 114排2列2层/ [索取号:TU986.3/G780] | 在馆 | |
| 4 | 1239447 | 212394470 | 自科二线404/201建筑库 117排2列1层/ [索取号:TU986.3/G780] | 在馆 | |
| 5 | 1299447 | 212994474 | 建筑与城市规划学院资料室/ [索取号:TU986.3/G780] | 在馆 | |
| 6 | 1501114 | 215011145 | 建筑库201/201建筑库 114排2列2层/ [索取号:TU986.3/G780] | 在馆 | |
| 7 | 1501115 | 215011154 | 建筑库201/201建筑库 114排2列2层/ [索取号:TU986.3/G780] | 在馆 | |
| 8 | 1501116 | 215011163 | 建筑库201/201建筑库 114排2列2层/ [索取号:TU986.3/G780] | 在馆 | |
| 9 | 1501908 | 215019085 | 建筑库201/201建筑库 114排2列2层/ [索取号:TU986.3/G780] | 在馆 | |
| 10 | 495752 | 204957528 | 自科二线404/201建筑库 117排2列1层/ [索取号:TU986.3/G780] | 在馆 |